[Event "World Youth Chess Championship 2016 O14"]
[Site "Khanty Mansiysk"]
[Date "2016.09.22"]
[Round "1.29"]
[White "Zhao, Chenxi"]
[Black "Hsu, Hsuan-Ming"]
[Result "1-0"]
[WhiteElo "2124"]
[BlackElo "1727"]
[PlyCount "85"]
[EventDate "2016.09.22"]

1. d4 Nf6 2. c4 g6 3. g3 Bg7 4. Bg2 O-O 5. Nc3 d6 6. Nf3 Nbd7 7. O-O c6 8. Bg5
Qc7 9. e4 e5 10. d5 Nc5 11. Qc2 a5 12. Rfd1 Ne8 13. Be3 f5 14. dxc6 bxc6 15.
Bxc5 dxc5 16. Ne1 Nd6 17. exf5 Bxf5 18. Ne4 Rad8 19. Qe2 Nxe4 20. Bxe4 Rd4 21.
Rxd4 cxd4 22. Nd3 Qd6 23. Re1 Re8 24. Qc2 Be6 25. Qa4 Rc8 26. h4 Kh8 27. b3 Qc7
28. Qa3 Bf8 29. Qc1 Qd6 30. c5 Qc7 31. Qg5 Bg7 32. h5 gxh5 33. Qxh5 Bf6 34. Bf5
Bxf5 35. Qxf5 Kg7 36. Nxe5 Bxe5 37. Rxe5 Rd8 38. Qg5+ Kf7 39. Rf5+ Ke8 40. Qg8+
Kd7 41. Rf7+ Ke6 42. Rf8+ Kd7 43. Qg4+ 1-0

[Event "World Youth Chess Championship 2016 O14"]
[Site "Khanty Mansiysk"]
[Date "2016.09.22"]
[Round "1.30"]
[White "Hafstad, Leif"]
[Black "Yeritsyan, Aram"]
[Result "0-1"]
[WhiteElo "1705"]
[BlackElo "2117"]
[PlyCount "116"]
[EventDate "2016.09.22"]

1. e4 c5 2. Nf3 e6 3. c3 Nf6 4. e5 Nd5 5. d4 cxd4 6. cxd4 d6 7. Bc4 Nc6 8. O-O
Be7 9. Qe2 O-O 10. Re1 Qc7 11. a3 Rd8 12. Bd2 b6 13. Nc3 Nxc3 14. Bxc3 d5 15.
Bd3 Na5 16. Bxa5 bxa5 17. Rac1 Qb6 18. Rc2 Bd7 19. Rec1 Rab8 20. Rd2 a4 21.
Rdc2 h6 22. h3 Kf8 23. Qd2 Qb3 24. Be2 Qa2 25. Qc3 Rb3 26. Qc7 Rxb2 27. Rxb2
Qxb2 28. Rc2 Qxa3 29. Qxa7 Qb3 30. Rc7 Ke8 31. Rb7 Qc2 32. Bb5 Qc1+ 33. Kh2
Qf4+ 34. Kh1 Qc1+ 35. Ng1 Qc8 36. Bxa4 Bf8 37. Rc7 Qxc7 38. Qxc7 Bxa4 39. Nf3
Bd7 40. g4 Rc8 41. Qb6 Be7 42. Kg2 Bd8 43. Qb1 Be7 44. h4 Rc4 45. Qh7 Bf8 46.
g5 Ba4 47. Qb1 Rb4 48. Qc1 Kd8 49. Qf4 Rb7 50. h5 Bc2 51. Qd2 Rc7 52. gxh6 gxh6
53. Nh2 Be4+ 54. f3 Rc2 55. Qxc2 Bxc2 56. Kf1 Bb4 57. Kf2 Bc3 58. Ke3 Ke7 0-1

[Event "World Youth Chess Championship 2016 O14"]
[Site "Khanty Mansiysk"]
[Date "2016.09.22"]
[Round "1.31"]
[White "Golikov, Daniil"]
[Black "Chursin, Aleksandr"]
[Result "1-0"]
[WhiteElo "2114"]
[BlackElo "1675"]
[PlyCount "57"]
[EventDate "2016.09.22"]

1. d4 Nf6 2. c4 c5 3. d5 b5 4. cxb5 a6 5. bxa6 Bxa6 6. Nc3 g6 7. g3 Bg7 8. Bg2
d6 9. Nh3 O-O 10. O-O Nbd7 11. Qc2 Qc7 12. Rb1 Rfb8 13. b3 Ne8 14. Bd2 Qa7 15.
a4 Nc7 16. Nf4 Nb6 17. Rfc1 Bc8 18. e4 Bd7 19. Bf1 e5 20. Nd3 Na6 21. Nb5 Bxb5
22. axb5 Nc7 23. Nb4 Qa3 24. Na6 Nxa6 25. bxa6 Rxa6 26. Bxa6 Qxa6 27. b4 c4 28.
b5 Qc8 29. Be3 1-0

[Event "World Youth Chess Championship 2016 O14"]
[Site "Khanty Mansiysk"]
[Date "2016.09.22"]
[Round "1.32"]
[White "Ajigulov, Nurmat"]
[Black "Gunduz, Umut Erdem"]
[Result "1/2-1/2"]
[WhiteElo "1626"]
[BlackElo "2109"]
[PlyCount "46"]
[EventDate "2016.09.22"]

1. Nf3 Nf6 2. d4 c5 3. g3 cxd4 4. Nxd4 e5 5. Nf3 Nc6 6. Bg2 d5 7. O-O Be7 8. c4
d4 9. e3 O-O 10. exd4 exd4 11. b3 Bf5 12. Bb2 Bc5 13. a3 a5 14. b4 axb4 15.
axb4 Rxa1 16. Bxa1 Nxb4 17. Nxd4 Bd3 18. Ne2 Bxc4 19. Qxd8 Rxd8 20. Bxf6 gxf6
21. Nbc3 Re8 22. Rd1 b5 23. Nf4 Kf8 1/2-1/2

[Event "World Youth Chess Championship 2016 O14"]
[Site "Khanty Mansiysk"]
[Date "2016.09.22"]
[Round "1.33"]
[White "Bharambe, Bhavik C"]
[Black "Kakuk, Tibor"]
[Result "1-0"]
[WhiteElo "2104"]
[BlackElo "1622"]
[PlyCount "83"]
[EventDate "2016.09.22"]

1. d4 d5 2. c4 c6 3. Nc3 Nf6 4. cxd5 cxd5 5. Bf4 a6 6. e3 Nc6 7. Bd3 e6 8. a3
b5 9. Nf3 Bb7 10. Ne5 Be7 11. O-O O-O 12. Bg3 Rc8 13. f4 Na5 14. Qe2 Nc4 15.
Rac1 Qa5 16. Bh4 Rfe8 17. Bxf6 Bxf6 18. Bxh7+ Kf8 19. Nd7+ Ke7 20. Nc5 Qb6 21.
Bb1 b4 22. N3a4 Qa7 23. axb4 Bc6 24. b3 Bxa4 25. bxc4 dxc4 26. Nxa4 a5 27. bxa5
Qxa5 28. Rxc4 Kf8 29. Rxc8 Rxc8 30. Nc5 Qb4 31. Nd7+ Ke7 32. Nxf6 gxf6 33. Be4
f5 34. Bf3 Qb3 35. Re1 Rc2 36. Qd1 Qc3 37. d5 Rd2 38. Qa1 Qb4 39. dxe6 fxe6 40.
Rb1 Qc5 41. Rb7+ Rd7 42. Qg7+ 1-0

[Event "World Youth Chess Championship 2016 O14"]
[Site "Khanty Mansiysk"]
[Date "2016.09.22"]
[Round "1.34"]
[White "Ryabov, Georgi"]
[Black "Haring, Filip"]
[Result "0-1"]
[WhiteElo "1572"]
[BlackElo "2099"]
[PlyCount "62"]
[EventDate "2016.09.22"]

1. d4 Nf6 2. e3 e6 3. Nf3 b6 4. c4 Bb7 5. Nc3 Be7 6. Be2 O-O 7. O-O d5 8. a3
Nbd7 9. b4 a5 10. Rb1 dxc4 11. Bxc4 Bd6 12. Re1 Qe7 13. b5 e5 14. h3 Bxf3 15.
Qxf3 exd4 16. Nd5 Nxd5 17. Bxd5 Ne5 18. Qe4 c6 19. bxc6 d3 20. Bd2 Kh8 21. f4
f5 22. Qd4 Ng6 23. Qxd3 Bc5 24. Kh1 Rad8 25. Bc3 Qd6 26. Rbd1 Ne7 27. e4 fxe4
28. Bxe4 Qxd3 29. Rxd3 Rxd3 30. Bxd3 Nxc6 31. Bb5 Ne7 0-1

[Event "World Youth Chess Championship 2016 O14"]
[Site "Khanty Mansiysk"]
[Date "2016.09.22"]
[Round "1.35"]
[White "Skalsky, Alexandr"]
[Black "Izumi, Haruki"]
[Result "1-0"]
[WhiteElo "2085"]
[BlackElo "1549"]
[PlyCount "52"]
[EventDate "2016.09.22"]

1. e4 e5 2. Nf3 Nc6 3. d4 exd4 4. Nxd4 Nf6 5. Nxc6 bxc6 6. Qe2 Qe7 7. Nc3 d6 8.
g3 Bb7 9. Bg2 Nd7 10. Be3 Qe6 11. f4 Be7 12. O-O-O Bf6 13. Bd4 a5 14. Rhe1 Bxd4
15. Rxd4 Nc5 16. e5 d5 17. g4 O-O-O 18. Kb1 Rhe8 19. Bf3 Ba6 20. Qd2 Nb7 21.
Rd1 Qe7 22. g5 Kb8 23. Re1 f6 24. Bh5 Rf8 25. exf6 Qd7 26. Re7 Qd6 1-0

[Event "World Youth Chess Championship 2016 O14"]
[Site "Khanty Mansiysk"]
[Date "2016.09.22"]
[Round "1.36"]
[White "Horn, Aldo"]
[Black "Oboladze, Luka"]
[Result "0-1"]
[WhiteElo "1307"]
[BlackElo "2083"]
[PlyCount "46"]
[EventDate "2016.09.22"]

1. e4 c5 2. Nf3 d6 3. Bc4 Nc6 4. O-O Nf6 5. Nc3 e6 6. d3 Be7 7. Be3 d5 8. exd5
exd5 9. Bb5 d4 10. Ne5 Bd7 11. Re1 Nxe5 12. Bxd7+ Nexd7 13. Qe2 dxc3 14. bxc3
O-O 15. Bg5 Re8 16. Rab1 Nd5 17. Bxe7 Rxe7 18. Qd2 Rxe1+ 19. Rxe1 N7f6 20. c4
Nb6 21. Qg5 Qd6 22. Re5 Re8 23. Rxc5 Re1# 0-1

[Event "World Youth Chess Championship 2016 O16"]
[Site "Khanty Mansiysk"]
[Date "2016.09.22"]
[Round "1.5"]
[White "Triapishko, Olexandr"]
[Black "Turar, Dastan"]
[Result "1-0"]
[WhiteElo "2458"]
[BlackElo "2205"]
[PlyCount "79"]
[EventDate "2016.09.22"]

1. e4 c5 2. Nf3 d6 3. d4 cxd4 4. Nxd4 Nf6 5. Nc3 a6 6. Be3 Ng4 7. Bg5 h6 8. Bh4
g5 9. Bg3 Bg7 10. h3 Ne5 11. Be2 Nbc6 12. Nb3 Ng6 13. O-O Be6 14. Rb1 Be5 15.
Nd5 Rc8 16. c3 O-O 17. Qd2 Kh7 18. Kh2 f5 19. Bxe5 dxe5 20. Nc5 Bxd5 21. Qxd5
Qxd5 22. exd5 Nd8 23. Nd7 Rg8 24. Rfd1 Nf7 25. c4 Nf4 26. Bf1 Rc7 27. Nb6 Rg6
28. Na4 Nd6 29. c5 Ne4 30. f3 Nf2 31. Rd2 g4 32. hxg4 fxg4 33. g3 N4h3 34. Re1
Rf6 35. Bg2 h5 36. Nb6 Ng5 37. d6 exd6 38. Nd5 Rxc5 39. Nxf6+ Kg7 40. Ne8+ 1-0

[Event "World Youth Chess Championship 2016 O16"]
[Site "Khanty Mansiysk"]
[Date "2016.09.22"]
[Round "1.6"]
[White "Shkurkin, Andrey"]
[Black "Fawzy, Adham"]
[Result "0-1"]
[WhiteElo "2190"]
[BlackElo "2451"]
[PlyCount "94"]
[EventDate "2016.09.22"]

1. d4 Nf6 2. c4 e6 3. g3 d5 4. Bg2 c6 5. Nf3 Be7 6. O-O O-O 7. Nbd2 b6 8. Qc2
Bb7 9. e4 Na6 10. b3 Rc8 11. Bb2 c5 12. exd5 exd5 13. Rad1 Rc7 14. Rfe1 dxc4
15. Nxc4 Qa8 16. Qe2 Re8 17. Nce5 cxd4 18. Rxd4 Bc5 19. Ra4 Nb4 20. a3 Nc6 21.
Qf1 Nxe5 22. Nxe5 Bxg2 23. Qxg2 Qd8 24. Qf3 Qd2 25. Re2 Qd1+ 26. Kg2 Rce7 27.
Rc4 Nd7 28. Rce4 Nxe5 29. Rxe5 Rxe5 30. Rxe5 Qxf3+ 31. Kxf3 Rxe5 32. Bxe5 Bxa3
33. Ke4 Bc5 34. f3 Bg1 35. h3 f6 36. Bb8 b5 37. b4 Kf7 38. Kd5 a6 39. Kc6 Ke6
40. Kb7 Kd5 41. Kxa6 Kc4 42. Ka5 Bh2 43. h4 h5 44. Bd6 g5 45. Be7 Bxg3 46. Bxf6
gxh4 47. f4 h3 0-1

[Event "World Youth Chess Championship 2016 O16"]
[Site "Khanty Mansiysk"]
[Date "2016.09.22"]
[Round "1.7"]
[White "Raghunandan, Kaumandur Srihari"]
[Black "Den Hartog, Marijn"]
[Result "1-0"]
[WhiteElo "2451"]
[BlackElo "2190"]
[PlyCount "67"]
[EventDate "2016.09.22"]

1. d4 Nf6 2. c4 e6 3. Nf3 c5 4. d5 exd5 5. cxd5 d6 6. Nc3 g6 7. Bf4 a6 8. a4
Bg7 9. h3 O-O 10. e3 Ne8 11. Nd2 Nd7 12. Be2 f5 13. O-O Ne5 14. Bg3 Qe7 15. Re1
Rb8 16. Ra3 Bd7 17. Rb3 Nc7 18. a5 Nf7 19. Nc4 Bb5 20. Qd2 Rfe8 21. f4 Bxc3 22.
Rxc3 Qe4 23. Bf3 Bxc4 24. Bxe4 Rxe4 25. Bh4 Bxd5 26. Rd3 Be6 27. Rxd6 Nxd6 28.
Qxd6 Rc8 29. Rd1 c4 30. Qb6 Bd5 31. Bf6 Bc6 32. Be5 Nd5 33. Qc5 Nxe3 34. Qe7
1-0

[Event "World Youth Chess Championship 2016 O16"]
[Site "Khanty Mansiysk"]
[Date "2016.09.22"]
[Round "1.8"]
[White "Kalinouski, Siarhei"]
[Black "Sorokin, Aleksey"]
[Result "1/2-1/2"]
[WhiteElo "2169"]
[BlackElo "2437"]
[PlyCount "58"]
[EventDate "2016.09.22"]

1. e4 c5 2. Nf3 d6 3. Bb5+ Nd7 4. d4 cxd4 5. Qxd4 a6 6. Bxd7+ Bxd7 7. Nc3 e5 8.
Qd3 h6 9. Nd2 Rc8 10. Nc4 Be6 11. Ne3 Nf6 12. O-O Be7 13. Ncd5 Bxd5 14. Nxd5
Nxd5 15. Qxd5 Qb6 16. c4 Bg5 17. b3 Bxc1 18. Raxc1 Qc6 19. Rfd1 Qxd5 20. Rxd5
Ke7 21. Rcd1 Rhd8 22. Kf1 b6 23. Ke2 Rc5 24. R1d2 Rxd5 25. Rxd5 Ke6 26. g3 Rc8
27. f4 exf4 28. gxf4 Rc5 29. Kd3 a5 1/2-1/2

[Event "World Youth Chess Championship 2016 O16"]
[Site "Khanty Mansiysk"]
[Date "2016.09.22"]
[Round "1.9"]
[White "Livaic, Leon"]
[Black "Anaskin, Arsenij"]
[Result "1-0"]
[WhiteElo "2436"]
[BlackElo "2153"]
[PlyCount "50"]
[EventDate "2016.09.22"]

1. d4 Nf6 2. c4 e6 3. Nc3 Bb4 4. f3 c5 5. d5 O-O 6. e4 d6 7. Nge2 exd5 8. cxd5
a6 9. Ng3 Nbd7 10. Be2 b5 11. O-O c4 12. Be3 Bc5 13. Bxc5 Nxc5 14. b4 cxb3 15.
axb3 Qb6 16. Kh1 b4 17. Nb1 a5 18. Nd2 Bd7 19. f4 Qa7 20. Bc4 Rfe8 21. Qc2 Ng4
22. Qb2 Nf6 23. Rf3 Ncxe4 24. Ngxe4 Nxe4 25. Nxe4 Rxe4 1-0

[Event "World Youth Chess Championship 2016 O16"]
[Site "Khanty Mansiysk"]
[Date "2016.09.22"]
[Round "1.10"]
[White "Doluweera, Minul Sanjula"]
[Black "Gholami, Aryan"]
[Result "1/2-1/2"]
[WhiteElo "2127"]
[BlackElo "2435"]
[PlyCount "60"]
[EventDate "2016.09.22"]

1. d4 Nf6 2. c4 e6 3. Nf3 d5 4. Nc3 dxc4 5. e4 Bb4 6. Bxc4 Nxe4 7. O-O Bxc3 8.
bxc3 Nxc3 9. Qb3 Nd5 10. Ba3 Nc6 11. Rfe1 Nce7 12. Bxe7 Nxe7 13. d5 exd5 14.
Bxd5 O-O 15. Bxf7+ Rxf7 16. Rad1 Qf8 17. Ng5 Bg4 18. f3 Bh5 19. Ne6 Qc8 20.
Rd8+ Qxd8 21. Nxd8 Rxd8 22. Rxe7 Kf8 23. Rxf7+ Bxf7 24. Qa3+ Kg8 25. Qxa7 Bd5
26. a4 Rd7 27. a5 Kf7 28. Kf2 h6 29. h4 Bc6 30. Qc5 Bd5 1/2-1/2

[Event "World Youth Chess Championship 2016 O16"]
[Site "Khanty Mansiysk"]
[Date "2016.09.22"]
[Round "1.11"]
[White "Lobanov, Sergei"]
[Black "Zamar Kodelja, Jurij"]
[Result "1-0"]
[WhiteElo "2432"]
[BlackElo "2126"]
[PlyCount "71"]
[EventDate "2016.09.22"]

1. e4 c5 2. Nf3 d6 3. d4 cxd4 4. Nxd4 Nf6 5. Nc3 g6 6. f3 Bg7 7. Be3 O-O 8. Qd2
Nc6 9. O-O-O d5 10. Qe1 e5 11. Nxc6 bxc6 12. exd5 Nxd5 13. Bc4 Be6 14. Ne4 Qc7
15. Bc5 Rfd8 16. Qh4 h6 17. g4 Qa5 18. Rd3 Nf4 19. Ra3 Qc7 20. Bxe6 Nxe6 21.
Be3 Nf4 22. Qf2 Nh3 23. Qf1 Nf4 24. Qa6 Rd5 25. Nc3 Rd7 26. Bb6 Qb8 27. Bc5 Qc7
28. Qa5 Qc8 29. Rb3 Ne6 30. Rd1 Rxd1+ 31. Nxd1 Nd4 32. Bxd4 exd4 33. Qb4 Be5
34. h3 Qe6 35. Kb1 Qd5 36. a3 1-0

[Event "World Youth Chess Championship 2016 O16"]
[Site "Khanty Mansiysk"]
[Date "2016.09.22"]
[Round "1.12"]
[White "German, Nikita"]
[Black "Gazik, Viktor"]
[Result "0-1"]
[WhiteElo "2106"]
[BlackElo "2429"]
[PlyCount "46"]
[EventDate "2016.09.22"]

1. e4 c5 2. Nf3 d6 3. d4 cxd4 4. Nxd4 Nf6 5. Nc3 g6 6. Be3 Bg7 7. f3 Nc6 8. Qd2
O-O 9. Bc4 Bd7 10. O-O-O Rb8 11. g4 b5 12. Bb3 Ne5 13. Kb1 a5 14. g5 Nh5 15. f4
Ng4 16. Bg1 a4 17. Bd5 e5 18. fxe5 Nxe5 19. Nce2 Bg4 20. Rf1 Nc4 21. Qd3 Qxg5
22. a3 Nb6 23. Ka1 Nxd5 0-1

[Event "World Youth Chess Championship 2016 O16"]
[Site "Khanty Mansiysk"]
[Date "2016.09.22"]
[Round "1.13"]
[White "Costachi, Mihnea"]
[Black "Mohammad, Fahim"]
[Result "1-0"]
[WhiteElo "2420"]
[BlackElo "2090"]
[PlyCount "25"]
[EventDate "2016.09.22"]

1. d4 Nf6 2. c4 c5 3. d5 b5 4. Qc2 g6 5. e4 d6 6. cxb5 a6 7. Nc3 Bg7 8. Nf3 O-O
9. Be2 Nbd7 10. O-O axb5 11. Nxb5 Ba6 12. a4 Bxb5 13. Bxb5 1-0

[Event "World Youth Chess Championship 2016 O16"]
[Site "Khanty Mansiysk"]
[Date "2016.09.22"]
[Round "1.14"]
[White "Nurzhanov, Timur"]
[Black "Tahbaz, Arash"]
[Result "0-1"]
[WhiteElo "2087"]
[BlackElo "2420"]
[PlyCount "21"]
[EventDate "2016.09.22"]

1. d4 g6 2. c4 Bg7 3. Nc3 d6 4. e4 e5 5. Be3 exd4 6. Bxd4 Nf6 7. Nf3 O-O 8. Be2
Re8 9. Nd2 Na6 10. Nd5 Nxd5 11. Bxg7 0-1

[Event "World Youth Chess Championship 2016 O16"]
[Site "Khanty Mansiysk"]
[Date "2016.09.22"]
[Round "1.15"]
[White "Fakhrutdinov, Timur"]
[Black "D`avino, Gianfranco"]
[Result "1-0"]
[WhiteElo "2419"]
[BlackElo "2085"]
[PlyCount "67"]
[EventDate "2016.09.22"]

1. e4 e6 2. d4 d5 3. Nc3 Bb4 4. e5 Qd7 5. Qg4 f5 6. Qg3 b6 7. Bd2 Ba6 8. Bxa6
Nxa6 9. Nge2 Kf7 10. h4 Ne7 11. h5 c5 12. O-O-O Rhc8 13. h6 g6 14. Qh4 Kg8 15.
Nf4 Rf8 16. Nce2 Bxd2+ 17. Rxd2 Nc6 18. Nxg6 hxg6 19. h7+ Kh8 20. Nf4 Qf7 21.
Qg5 Ne7 22. Qxe7 Qxe7 23. Nxg6+ Kg7 24. Nxe7 Rh8 25. Rd3 f4 26. Rdh3 Kf7 27.
Ng8 Nb4 28. Rh4 cxd4 29. Rxf4+ Kg7 30. Rg4+ Kf8 31. Rxd4 Nc6 32. Rf4+ Kg7 33.
Rg4+ Kf8 34. Rh5 1-0

[Event "World Youth Chess Championship 2016 O16"]
[Site "Khanty Mansiysk"]
[Date "2016.09.22"]
[Round "1.16"]
[White "Stabulnieks, Klavs"]
[Black "Saydaliev, Saidakbar"]
[Result "0-1"]
[WhiteElo "2069"]
[BlackElo "2403"]
[PlyCount "52"]
[EventDate "2016.09.22"]

1. d4 Nf6 2. c4 e6 3. Nc3 Bb4 4. f3 c5 5. d5 O-O 6. e4 d6 7. Bd3 b5 8. Bd2 bxc4
9. Bxc4 Ba6 10. Bxa6 Nxa6 11. dxe6 fxe6 12. e5 Nd5 13. Nge2 dxe5 14. O-O c4 15.
Ne4 Qb6+ 16. Kh1 Rad8 17. Bg5 Be7 18. Bxe7 Nxe7 19. Qa4 Nd5 20. b3 Ne3 21. Rfc1
Nc5 22. Nxc5 Qxc5 23. Qa6 Rd6 24. Qb7 Rd2 25. Ng3 Qd4 26. Nh5 Rxg2 0-1

[Event "World Youth Chess Championship 2016 O16"]
[Site "Khanty Mansiysk"]
[Date "2016.09.22"]
[Round "1.17"]
[White "Kevlishvili, Robby"]
[Black "Savic, Mihailo S"]
[Result "1-0"]
[WhiteElo "2402"]
[BlackElo "2067"]
[PlyCount "47"]
[EventDate "2016.09.22"]

1. e4 c5 2. Nf3 d6 3. d4 cxd4 4. Nxd4 Nf6 5. Nc3 e6 6. g4 e5 7. Bb5+ Bd7 8.
Bxd7+ Qxd7 9. Nf5 h5 10. gxh5 Nxh5 11. Bh6 g6 12. Bxf8 gxf5 13. Bxd6 Nc6 14.
Bc5 O-O-O 15. Qxd7+ Rxd7 16. exf5 b6 17. Be3 Ng7 18. Ne4 Nxf5 19. c3 Nh4 20.
Ke2 f5 21. Nf6 Rd6 22. Bg5 Rf8 23. Rad1 Rxd1 24. Rxd1 1-0

[Event "World Youth Chess Championship 2016 O16"]
[Site "Khanty Mansiysk"]
[Date "2016.09.22"]
[Round "1.18"]
[White "Hiebert, Kenji"]
[Black "Nikitenko, Mihail"]
[Result "1/2-1/2"]
[WhiteElo "2066"]
[BlackElo "2399"]
[PlyCount "50"]
[EventDate "2016.09.22"]

1. e4 e5 2. f4 Bc5 3. Nf3 d6 4. Nc3 Nc6 5. Bc4 Nf6 6. d3 Bg4 7. Na4 Bxf3 8.
Qxf3 Nd4 9. Qd1 b5 10. Nxc5 bxc4 11. fxe5 dxc5 12. exf6 Qxf6 13. Be3 O-O 14.
Bf2 Rab8 15. Rb1 Ne6 16. O-O Qg5 17. dxc4 Qg6 18. Qe2 Rfe8 19. Rfe1 Ng5 20.
Bxc5 Rxe4 21. Qd3 Rbe8 22. Rxe4 Nxe4 23. Re1 a6 24. Qd7 f5 25. Bd4 Rf8 1/2-1/2

[Event "World Youth Chess Championship 2016 O16"]
[Site "Khanty Mansiysk"]
[Date "2016.09.22"]
[Round "1.19"]
[White "Makhnyov, Denis"]
[Black "Lintner, Igor"]
[Result "1-0"]
[WhiteElo "2375"]
[BlackElo "2065"]
[PlyCount "64"]
[EventDate "2016.09.22"]

1. d4 Nf6 2. Nf3 g6 3. c4 Bg7 4. Nc3 d6 5. e4 O-O 6. Be2 e5 7. O-O Nc6 8. d5
Ne7 9. b4 a5 10. bxa5 c5 11. a4 Rxa5 12. Rb1 Ne8 13. Bd2 h6 14. Ne1 f5 15. exf5
gxf5 16. f4 e4 17. Nc2 Ra7 18. Ne3 Bd7 19. Nb5 Ra6 20. Kh1 Nf6 21. a5 Kh7 22.
Rb3 Rf7 23. Qe1 Ng4 24. Nxg4 fxg4 25. Bd1 Bf5 26. Be3 Qd7 27. Bc2 Bd4 28. Bxd4
cxd4 29. Bxe4 Bxe4 30. Qxe4+ Nf5 31. Qe6 Qxe6 32. dxe6 Re7 1-0

[Event "World Youth Chess Championship 2016 O16"]
[Site "Khanty Mansiysk"]
[Date "2016.09.22"]
[Round "1.20"]
[White "Voinikonis, Nikita"]
[Black "Elistratov, Semen"]
[Result "0-1"]
[WhiteElo "2055"]
[BlackElo "2371"]
[PlyCount "68"]
[EventDate "2016.09.22"]

1. d4 Nf6 2. c4 e6 3. g3 d5 4. Bg2 dxc4 5. Nf3 a6 6. O-O Nc6 7. e3 Bd7 8. Qe2
b5 9. b3 cxb3 10. axb3 Be7 11. Bb2 O-O 12. Nbd2 Nb4 13. Ne5 Rc8 14. Nxd7 Qxd7
15. Nf3 Rfd8 16. Ne5 Qe8 17. Ba3 Nfd5 18. e4 Nb6 19. Rfd1 a5 20. Bh3 Bd6 21.
Bxb4 Bxb4 22. d5 exd5 23. Bxc8 Rxc8 24. Nd3 Bc3 25. Rac1 d4 26. Qh5 a4 27. bxa4
bxa4 28. Qc5 Qxe4 29. Rb1 Qa8 30. Nc1 Qd5 31. Qe7 Qc6 32. Ne2 Re8 33. Nxd4 Bxd4
34. Qb4 Bf6 0-1

[Event "World Youth Chess Championship 2016 O16"]
[Site "Khanty Mansiysk"]
[Date "2016.09.22"]
[Round "1.21"]
[White "Urban, Konstantin"]
[Black "Kristensen, Bjarke Hautop"]
[Result "1-0"]
[WhiteElo "2361"]
[BlackElo "2039"]
[PlyCount "111"]
[EventDate "2016.09.22"]

1. e4 c5 2. Nf3 e6 3. d4 cxd4 4. Nxd4 Nc6 5. Nc3 Qc7 6. Be2 a6 7. f4 Bc5 8.
Nxc6 bxc6 9. e5 d5 10. exd6 Bxd6 11. Ne4 Be7 12. Be3 Nf6 13. Nxf6+ Bxf6 14. c3
O-O 15. O-O Rb8 16. Bc5 Rd8 17. Qc2 Be7 18. Bxe7 Qxe7 19. Rad1 Bb7 20. Qa4 c5
21. Bc4 g6 22. Qa5 Kg7 23. b4 cxb4 24. cxb4 Rbc8 25. Bb3 Rxd1 26. Rxd1 Qc7 27.
Qxc7 Rxc7 28. Rd4 Kf6 29. Kf2 Bd5 30. Bxd5 exd5 31. Ke3 Ke6 32. Kd2 Kd6 33. g3
h5 34. a3 Rb7 35. Rd3 a5 36. Rb3 axb4 37. Rxb4 Ra7 38. a4 Kc5 39. Kc3 Ra5 40.
h3 Ra7 41. Rb5+ Kc6 42. Kb4 Re7 43. Rc5+ Kb7 44. Rxd5 Re3 45. Rd7+ Kb8 46. Rxf7
Rxg3 47. h4 Rh3 48. Kc5 Rxh4 49. Kb6 Kc8 50. a5 Rh2 51. Rf8+ Kd7 52. a6 Rb2+
53. Kc5 Ke7 54. Rh8 Rc2+ 55. Kd4 Rc7 56. a7 1-0

[Event "World Youth Chess Championship 2016 O16"]
[Site "Khanty Mansiysk"]
[Date "2016.09.22"]
[Round "1.22"]
[White "Garbowski, Jakub"]
[Black "Lodici, Lorenzo"]
[Result "0-1"]
[WhiteElo "2030"]
[BlackElo "2359"]
[PlyCount "46"]
[EventDate "2016.09.22"]

1. e4 g6 2. d4 Bg7 3. Nf3 d6 4. h3 b6 5. Bd3 e6 6. O-O Ne7 7. Qe1 Bb7 8. Be3
Nd7 9. Qd2 h6 10. a4 a5 11. Nc3 g5 12. d5 Ng6 13. dxe6 fxe6 14. Bc4 Qe7 15. Bd4
Nde5 16. Bb5+ Kf8 17. Nxe5 Nxe5 18. Ne2 Kg8 19. f4 gxf4 20. Nxf4 Kh7 21. Be3
Rhg8 22. Kh1 Bh8 23. Qe1 Qg5 0-1

[Event "World Youth Chess Championship 2016 O16"]
[Site "Khanty Mansiysk"]
[Date "2016.09.22"]
[Round "1.23"]
[White "Pultinevicius, Paulius"]
[Black "Donoso Diaz, Sebastian"]
[Result "1-0"]
[WhiteElo "2351"]
[BlackElo "2005"]
[PlyCount "39"]
[EventDate "2016.09.22"]

1. e4 c5 2. Ne2 d6 3. d4 cxd4 4. Nxd4 Nf6 5. Nc3 g6 6. f3 Bg7 7. Be3 O-O 8. Qd2
Nc6 9. O-O-O d5 10. Kb1 Nxd4 11. e5 Nd7 12. Bxd4 Nxe5 13. Qe3 Qd6 14. Nb5 Qf6
15. Re1 a6 16. Nc7 Rb8 17. Nxd5 Qe6 18. Bxe5 Qxd5 19. Bxg7 Rd8 20. Bc3 1-0

[Event "World Youth Chess Championship 2016 O16"]
[Site "Khanty Mansiysk"]
[Date "2016.09.22"]
[Round "1.24"]
[White "Svidersky, Nikita"]
[Black "Carnicelli, Valerio"]
[Result "0-1"]
[WhiteElo "1979"]
[BlackElo "2329"]
[PlyCount "78"]
[EventDate "2016.09.22"]

1. e4 e5 2. Nf3 Nc6 3. Bb5 f5 4. d3 fxe4 5. dxe4 Nf6 6. O-O Bc5 7. Qd3 d6 8.
Qc4 Qe7 9. Nc3 Bd7 10. Nd5 Nxd5 11. exd5 Nd4 12. Nxd4 Bxd4 13. Bxd7+ Qxd7 14.
a4 a6 15. Be3 Bxe3 16. fxe3 O-O-O 17. Rf2 Rdf8 18. Raf1 Qe7 19. Qg4+ Kb8 20.
Qe6 Qd8 21. Rf7 Rxf7 22. Qxf7 Qg5 23. Rf3 Qh4 24. g3 Qxa4 25. Qxg7 Rc8 26. Qxh7
Qa1+ 27. Rf1 Qxb2 28. g4 a5 29. Qe4 b5 30. Qd3 Rh8 31. Kg2 a4 32. Kg3 a3 33.
Qb3 Qxb3 34. cxb3 c5 35. dxc6 Kc7 36. Rc1 a2 37. h4 Ra8 38. Ra1 Kxc6 39. h5 Kd5
0-1

[Event "World Youth Chess Championship 2016 O16"]
[Site "Khanty Mansiysk"]
[Date "2016.09.22"]
[Round "1.25"]
[White "Janik, Igor"]
[Black "Bold, Khosbayar"]
[Result "1-0"]
[WhiteElo "2322"]
[BlackElo "1926"]
[PlyCount "109"]
[EventDate "2016.09.22"]

1. e4 c5 2. Nf3 d6 3. d4 cxd4 4. Nxd4 Nf6 5. Nc3 Nc6 6. Bg5 e6 7. Qd2 Be7 8.
O-O-O Nxd4 9. Qxd4 O-O 10. f4 Qa5 11. e5 dxe5 12. Qxe5 Qxe5 13. fxe5 Nd5 14.
Bxe7 Nxe7 15. Bd3 Rb8 16. Rhe1 b6 17. Nb5 Bb7 18. Be4 a6 19. Nc7 Rfc8 20. Bxb7
Rxb7 21. Nxa6 Nd5 22. a3 Ra7 23. Nb4 Nxb4 24. axb4 Ra1+ 25. Kd2 Ra2 26. Rb1 Kf8
27. c3 Ke7 28. Kc2 Rd8 29. Rbd1 Ra7 30. Rxd8 Kxd8 31. Re3 Ke7 32. Rg3 g6 33.
Rd3 f6 34. exf6+ Kxf6 35. Rd6 Rb7 36. Kd3 b5 37. Kd4 h5 38. Kc5 Kf5 39. Rd8 e5
40. Kc6 Re7 41. Kxb5 e4 42. Rf8+ Ke5 43. Kc4 Rc7+ 44. Kb3 h4 45. b5 e3 46. Re8+
Kf4 47. Kb4 h3 48. gxh3 Kf3 49. b6 Rf7 50. c4 e2 51. Kb5 Kf2 52. c5 e1=Q 53.
Rxe1 Kxe1 54. c6 Kd2 55. c7 1-0

[Event "World Youth Chess Championship 2016 O16"]
[Site "Khanty Mansiysk"]
[Date "2016.09.22"]
[Round "1.27"]
[White "Mesaros, Florian"]
[Black "Thilakarathne, G M S."]
[Result "1/2-1/2"]
[WhiteElo "2321"]
[BlackElo "1900"]
[PlyCount "45"]
[EventDate "2016.09.22"]

1. Nf3 Nf6 2. c4 e6 3. g3 d5 4. d4 Be7 5. Bg2 O-O 6. O-O dxc4 7. Ne5 Nc6 8.
Nxc6 bxc6 9. Na3 Bxa3 10. bxa3 Ba6 11. Qd2 Rb8 12. Qa5 Qc8 13. a4 Rd8 14. Ba3
Rxd4 15. Rab1 Rb6 16. Bc5 Rd8 17. Rfd1 Nd5 18. Rbc1 Rd7 19. e4 Nf6 20. Bxb6
cxb6 21. Qe5 Rd3 22. Bf1 Rd7 23. Qb2 1/2-1/2